=LDR 00000nam 2200000 4500 =001 INLIS000000000031242 =005 20200901083854 =035 ##$$a 0010-061300000031242 =008 200901###########################0#ind## =041 ##$$a Ind =082 ##$$a 302.2 =090 ##$$a 302.2, Sob s =100 1#$$a Sobur, Alex =245 1#$$a Semiotika komunikasi /$c Alex Sabur =260 ##$$a Bandung =300 ##$$a xxix, 333 hlm. ; $c 24 cm =650 #4$$a Komunikasi =850 ##$$a NBPNMAT =020 ##$$a 979-692-238-X =084 ##$$a 302.2 SOB s